Side by side : the journal of a smalltown boy /

Guardat en:
Dades bibliogràfiques
Autor principal: Mioki
Format: Llibre
Idioma:anglès
Publicat: Berlin Bruno Gmünder 2009
Etiquetes: Afegir etiqueta
Sense etiquetes, Sigues el primer a etiquetar aquest registre!

MARC

LEADER 00000nam a2200000 4500
001 CDOM0000004693
003 mi
005 20251016142423.0
008 251016b |||||||| |||| 00| 0 eng d
020 |a 9783867870320 
040 |c mi 
100 |a Mioki 
245 1 |a Side by side :  |b the journal of a smalltown boy /  |c written and illustrated by Mioki 
260 |a Berlin  |b Bruno Gmünder  |c 2009 
300 |a 120 p.  |b ill.  |c 24 cm. 
942 |2 ddc  |c BK 
952 |0 0  |1 0  |2 ddc  |4 0  |6 B_FEU01MIOKISID11  |7 0  |9 7490  |a MI  |b MI  |d 2011-03-11  |i 6079  |l 0  |o B-FEU01-MIOKI-SID11  |p CDOM6079  |r 2025-07-13 16:28:00  |w 2025-07-13  |x ACQUISTO  |y BK 
999 |c 6183  |d 6183